Escudos dos Clubes da Série D do Campeonato Brasileiro - Statistics

Estatísticas Gerais
  • Esse quiz foi jogado 597 vezes
    463 desde o último reset
  • A pontuação média é 36 de 64
Estatísticas das Respostas
Imagem Resposta % Correto
Portuguesa
98%
Santa Cruz
98%
América - RN
96%
Sampaio Corrêa
93%
Brasil de Pelotas
92%
Joinville
92%
Água Santa
88%
Nova Iguaçu
87%
Ferroviário - CE
86%
Luverdense
85%
Sousa
83%
Inter de Limeira
79%
São José - RS
79%
Treze
78%
Águia de Marabá
76%
Aparecidense
74%
Cascavel
71%
Altos
69%
Tuna Luso
68%
ASA
66%
Manaus
66%
Mixto
65%
Pouso Alegre
65%
Sergipe
63%
Cianorte
59%
Boavista
58%
Maranhão
56%
Marcílio Dias
55%
Juazeirense
53%
Barra
52%
Azuriz
51%
Rio Branco - ES
51%
Trem
51%
Imperatriz
50%
Uberlândia
50%
Goiânia
49%
Lagarto
49%
Operário - MS
49%
Maracanã
48%
Tocantinópolis
48%
Porto Velho
47%
Maricá
46%
Ceilândia
43%
Humaitá
43%
Santa Cruz - RN
43%
São Luiz
43%
Capital - DF
41%
Goianésia
40%
Iguatu
40%
Independência - AC
40%
Central
39%
GAS
39%
Manauara
39%
Guarany de Bagé
34%
Itabirito
34%
Monte Azul
34%
Barcelona - BA
32%
Horizonte
31%
Parnahyba
31%
Porto Vitória
27%
União - TO
27%
Penedense
26%
Goiatuba
25%
Jequié
23%
Nenhum quiz correspondente encontrado
Distribuição das Pontuações
Porcentagem de Pessoas com Cada Pontuação
Percentil de Números Respondidos
Sua Pontuação Histórica
Você não jogou esse quiz desde o último reset